| 000 | 00789nam a2200265 a 4500 | ||
|---|---|---|---|
| 001 | 6215 | ||
| 003 | BD-RjUL | ||
| 005 | 20211208234215.0 | ||
| 008 | 140109s1957 nyu 001 0 eng | ||
| 035 | _a(BD-RjUL)6255 | ||
| 035 | _a(OCoLC)507746 | ||
| 040 |
_aDLC _cOClU _dUk _dDLC _dBD-RjUL _beng |
||
| 041 | _aeng | ||
| 082 |
_a382 _bHAI 1987 |
||
| 100 | 1 |
_aHarris, Seymour Edwin, _d1897-1974. _97081 |
|
| 245 | 1 | 0 |
_aInternational and interregional economics / _cSeymour Edwin Harris |
| 260 |
_aNew York : _bMcGraw-Hill, _cc1957 [reprint 1987] |
||
| 300 |
_axiv, 564p. ; _c21 cm. |
||
| 490 | 0 | _aEconomics handbook series | |
| 504 | _aIncludes index. | ||
| 650 | 0 |
_aForeign trade _919547 |
|
| 650 | 0 |
_aInternational economic relations _9160063 |
|
| 942 |
_2ddc _cBK |
||
| 999 |
_c6215 _d6215 |
||